00630nam a2200217Ia 4500003000900000008004100009040001300050040001300063041000800076100002200084245002600106250000900132260001800141260000900159300001100168300001200179490000600191942000700197999001700204952019100221IT-RoPAU120407s9999 xx 000 0 und d aIT-RoPAU cIT-RoPAU aita aBruno Mascambruni aIl lume intellettuale aRoma aClub, Sibilla c1965 a148 p. c18,5 cm v1 cBK c25927d25927 00102ddc4061_100000000000000_2871aPAULUSbPAULUSd2012-04-11l0o1.1.28r2012-04-11 00:00:00w2012-04-11yBKzInserito da: LuigiG In data: 11 ottobre 2011 fondo: Fanella Progr:13023